Normal view
MARC view
- Prasad V. P
Entry Personal Name
001 - CONTROL NUMBER
- control field: 3761
003 - CONTROL NUMBER IDENTIFIER
- control field: OSt
005 - DATE AND TIME OF LATEST TRANSACTION
- control field: 20181024112215.0
008 - FIXED-LENGTH DATA ELEMENTS
- fixed length control field: 181024|| aca||aabn | a|a d
040 ## - CATALOGING SOURCE
- Original cataloging agency: OSt
- Transcribing agency: OSt
100 ## - HEADING--PERSONAL NAME
- Personal name: Prasad V. P
670 ## - SOURCE DATA FOUND
- Source citation: Work cat.: (OSt)15281: GEETHA S 3760, Development and performance evaluation of a cablegation system for surface irrigation
